000 01250nam a22003377a 4500
003 CHAP
005 20220329143759.0
008 110811s2007 ne r 00010 eng d
010 _a101802
011 _a102774
020 _a0792365011
035 _a113463
040 _cCHAP
082 0 4 _a333.7
_bB63
100 1 _aBockstael, Nancy E.
_913339
245 1 0 _aEnvironmental and resource valuation with revealed preferences :
_ba theoretical guide to empirical models
_c/por Nancy E. Bockstael and Kenneth E. McConnell
260 _aDordrecht :
_bSpringer,
_cc2007
300 _axv, 374 p. :
_bgráfs.
490 4 _aThe Economics of non-market goods and resources
_v; 7
590 _aBATCH-UPD
_b10
_c20130110
_lUCH01
_h0845
590 _aBATCH-UPD
_b10
_c20130410
_lUCH01
_h0519
590 _aBATCH-UPD
_b10
_c20130914
_lUCH01
_h0648
590 _aCONVERSION
_b10
_c20130109
_lUCH01
_h1356
650 1 4 _aEconomía ambiental.
_935258
650 1 4 _aMedio ambiente
_xModelos matemáticos.
_974101
700 1 _aMcConnell, Kenneth E.
_973418
830 4 _aThe Economics of non-market goods and resources
_v; 7
_9112649
901 _aBK
942 _cLIBRO
949 _a333.7 B63
_bBC
_cLIBRO
_d33724002246603
_eLIBRO
_gI. 258480
_h115574
_i113463
_sb
_t$2,191.02
999 _c101802
_d101802